Formula one Red Bull Driver sudden death - Statistics

General Stats
  • This quiz has been taken 199 times
  • The average score is 7 of 13
Answers on the Grid
Answers color-coded by a green-red scale on the quiz's grid according to % correct below.
Jos Verstappen
Sergio Perez
Pierre Gasly
Giancarlo Fisichella
Carlos Sainz
Christian Klien
Vitaly Petrov
Christian Horner
Yuki Tsunoda
Jean-Eric Vergne
Antonio Felix da Costa
Daniil Kvyat
Brendon Hartley
Liam Lawson
Nick Heidfeld
Robert Doornbos
Vietantonio Liuzzi
David Coulthard
Christian Albers
Sebastien Buemi
Sebastien Bourdaise
Pedro Diniz
Charles Pic
Ricardo Zonta
Mark Webber
Giedo van der garde
Christeano da Matta
Alexander Albon
Antônio Pizzonia
Jaime Alguersuari
Daniel Ricciardo
Sebastian Vettel
 
Answer Stats
Answer % Correct
Sergio Perez
99%
Pierre Gasly
85%
Yuki Tsunoda
64%
Daniel Ricciardo
56%
Sebastian Vettel
56%
Liam Lawson
55%
Daniil Kvyat
52%
Mark Webber
45%
Alexander Albon
44%
David Coulthard
42%
Christian Klien
29%
Vietantonio Liuzzi
15%
Robert Doornbos
12%
No matching quizzes found
Score Distribution
Percent of People with Each Score
Percentile by Number Answered
Your Score History
You have not taken this quiz